Health/Nursing Informatics and Technolgy for B.Sc. Nursing Students (Record no. 159605)

MARC details
000 -LEADER
fixed length control field 00410nam a2200145Ia 4500
008 - FIXED-LENGTH DATA ELEMENTS--GENERAL INFORMATION
fixed length control field 230519s9999 xx 000 0 und d
020 ## - INTERNATIONAL STANDARD BOOK NUMBER
International Standard Book Number 97815-43346-44-2
041 ## - LANGUAGE CODE
Language code of text/sound track or separate title eng
082 ## - DEWEY DECIMAL CLASSIFICATION NUMBER
Classification number C/004/NEE/DB1023
100 ## - MAIN ENTRY--PERSONAL NAME
Personal name Neelam Kumari
245 ## - TITLE STATEMENT
Title Health/Nursing Informatics and Technolgy for B.Sc. Nursing Students
260 ## - PUBLICATION, DISTRIBUTION, ETC. (IMPRINT)
Name of publisher, distributor, etc. S Vikas and Co
Place of publication, distribution, etc. Jalandhar
Date of publication, distribution, etc. 2022
300 ## - PHYSICAL DESCRIPTION
Extent 246p
Holdings
Withdrawn status Lost status Damaged status Not for loan Collection code Home library Current library Date acquired Cost, normal purchase price Bill number Total Checkouts Total Renewals Full call number Barcode Date last seen Date last checked out Bill Date Koha item type Original Barcode
          Smt. Bakul Tambat Institute of Nursing Education Smt. Bakul Tambat Institute of Nursing Education 02/09/2022 355.00 58 9 2 C 004 NEE DB1023 BTIN-DB-1023 11/06/2024 10/06/2024 30/08/2022 Donated Book DB1023
          Smt. Bakul Tambat Institute of Nursing Education Smt. Bakul Tambat Institute of Nursing Education 02/09/2022 355.00 58 10 1 C 004 NEE DB1024 BTIN-DB-1024 30/05/2025 29/05/2025 30/08/2022 Donated Book DB1024